Musical Acts by Letter - W - Statistics

General Stats
  • This quiz has been taken 122 times
  • The average score is 10 of 22
Answer Stats
Years Active Country Songs Band or Artist % Correct
1982–1986 πŸ‡¬πŸ‡§ Wake Me Up Before You Go-Go | Last Christmas Wham!
90%
1985–2012 πŸ‡ΊπŸ‡Έ I Wanna Dance with Somebody (Who Loves Me) | I Will Always Love You Whitney Houston
89%
1998–2011 πŸ‡ΊπŸ‡Έ Seven Nation Army | Fell in Love with a Girl The White Stripes
75%
2011– πŸ‡¨πŸ‡¦ Blinding Lights | Can't Feel My Face The Weeknd
74%
1979– πŸ‡ΊπŸ‡Έ Eat It | Amish Paradise Weird Al Yankovic
73%
1964– πŸ‡¬πŸ‡§ My Generation | Pinball Wizard The Who
66%
1994– πŸ‡ΊπŸ‡Έ Buddy Holly | Say It Ain't So Weezer
66%
2005– πŸ‡ΊπŸ‡Έ Black and Yellow | See You Again Wiz Khalifa
63%
1997– πŸ‡ΊπŸ‡Έ Gettin' Jiggy wit It | Miami Will Smith
57%
1978– πŸ‡¬πŸ‡§ Here I Go Again | Is This Love Whitesnake
51%
1971–1981 πŸ‡¬πŸ‡§ πŸ‡ΊπŸ‡Έ Band on the Run | Silly Love Songs Wings
51%
2001– πŸ‡ΊπŸ‡Έ Scream & Shout | #thatPower will.i.am
47%
1957– πŸ‡ΊπŸ‡Έ Blue Eyes Crying in the Rain | On the Road Again Willie Nelson
42%
1970–2014 πŸ‡ΊπŸ‡Έ Why Can't We Be Friends? | Low Rider War
35%
1993– πŸ‡ΊπŸ‡Έ Protect Ya Neck | C.R.E.A.M. Wu-Tang Clan
30%
1990– πŸ‡ΊπŸ‡Έ Hold On | Impulsive Wilson Phillips
26%
1963–1999 πŸ‡ΊπŸ‡Έ In the Midnight Hour | Mustang Sally Wilson Pickett
26%
1992– πŸ‡ΊπŸ‡Έ One Headlight | 6th Avenue Heartache The Wallflowers
21%
1959–1998 πŸ‡ΊπŸ‡Έ Mammas Don't Let Your Babies Grow Up to Be Cowboys | Luckenbach, Texas (Back to the Basics of Love) Waylon Jennings
20%
2009– πŸ‡ΊπŸ‡Έ No Hands | Hard in Da Paint Waka Flocka Flame
12%
1997– πŸ‡­πŸ‡Ή We Trying to Stay Alive | Sweetest Girl Wyclef Jean
9%
1988–1996 πŸ‡ΊπŸ‡Έ Rump Shaker | New Jack Swing Wreckx-n-Effect
5%
No matching quizzes found
Score Distribution
Percent of People with Each Score
Percentile by Number Answered
Your Score History
You have not taken this quiz